01429nam a2200337 a 4500001001000000003000500010005001700015008004100032010001100073011001100084040000900095090001000104100004500114245017500159260004100334500006000375502012500435590004100560590004000601590004000641590004000681650004700721650006300768650003400831856007000865901000700935942001000942942000600952999001900958952011400977000115866CHAP20220329144552.0190717s2019 mx a sm |||||||spa d a112327 a113299 cCHAP aTesis1 aCortes Morales, Fanny Elizabeth.913653610aDistribución del sistema radical del guamúchil Pithecellobium dulce (Roxb.) Benth. en sistemas de fertilización /h[En línea]cpor Fanny Elizabeth Cortes Morales. aChapingo, Méx. :bEl autor,c2019. aPara ver el contenido del material haga clic en la liga aTesis (Ing. Agr. Fitotecnista) -- Colegio Superior Agropecuario del Estado de Guerrero. Centro de Estudios Profesionales aBATCH-UPDb05c20190718lUCH01h1054 aE8697GMMb05c20190717lUCH01h1328 aE8697GMMb05c20190717lUCH01h1330 aE8697GMMb05c20190718lUCH01h105414aFertilizantesxEfecto en árboles.94053214aPithecellobium dulcexFisiología y morfología.913653914aRaícesxCrecimiento.994672 aFinding aiduhttp://10.13.5.2/tesis/sist115866.pdfzTeclea aquí aBK cTESIS n0 c112327d112327 00102local40718TESISaBCbBCd2019-07-17fTESISl0oTesisp115877-10r2019-12-31 00:00:00w2019-07-17yCD